[Event "WchT 3rd"]
[Site "Luzern"]
[Date "1993.??.??"]
[Round "9.2"]
[White "Graf, Alexander"]
[Black "Brunner, Lucas"]
[Result "1-0"]
[WhiteElo "2580"]
[BlackElo "2475"]
[Annotator "Horn,Pe"]
[PlyCount "80"]
[EventDate "1993.10.24"]
[EventType "team-tourn"]
[EventRounds "9"]
[EventCountry "SUI"]
[SourceTitle "CBM 038"]
[Source "ChessBase"]
[SourceDate "1994.02.01"]
[SourceVersion "1"]
[SourceVersionDate "1994.02.01"]
[SourceQuality "1"]
[WhiteTeam "Uzbekistan"]
[BlackTeam "Switzerland"]
[WhiteTeamCountry "UZB"]
[BlackTeamCountry "SUI"]

1. Nf3 d5 2. g3 g6 3. Bg2 Bg7 4. O-O e5 5. d3 Ne7 6. e4 O-O 7. Nbd2 Nbc6 8. c3
a5 9. b3 (9. a4 Re8 10. Re1 h6 11. Qc2 $10) 9... h6 10. a3 Be6 (10... dxe4 11.
dxe4 Qd3 $6 12. Bb2 Bg4) 11. Bb2 f5 12. exd5 Bxd5 $6 (12... Nxd5 13. Re1 Re8
14. c4 (14. Nc4 Bf7 $13) 14... Nb6 15. Nxe5 Nxe5 16. Bxe5 Bxe5 17. Rxe5 Qxd3
18. Nf1 (18. Bxb7 $2 Rad8) 18... Qxd1 19. Rxd1 c6 $10) 13. Re1 Bf7 14. Nc4 {
><e5} Bxc4 $8 15. bxc4 $16 a4 $6 {very ambitious} (15... Re8 $5 {/\ Qd7,Rad8,
Nc8-d6}) 16. Rb1 Qd7 17. d4 e4 18. Nd2 Kh7 19. Bc1 Na5 $2 {He continues to
follow the wrong plan.} 20. f3 $1 {ץg2} exf3 21. Nxf3 Rfe8 (21... Nxc4 22.
Rxb7 Nb6 23. Ne5 $16) 22. Rb4 c5 23. dxc5 Qxd1 24. Rxd1 Bxc3 (24... Nb3 25.
Rxb7 Nxc5 26. Rc7 Rac8) 25. Rxa4 Rad8 26. Rd6 Nec6 $2 (26... Nc8) 27. Bd2 Bxd2
28. Nxd2 Kg7 29. Kf2 Rb8 (29... Rxd6 30. cxd6 b6 31. Nb3 Nxb3 (31... Rd8 32.
Nxa5 Nxa5 33. c5) 32. Bxc6 Rd8 33. Ra7+ Kf6 34. d7) 30. Nf3 Rbd8 31. Nd4 Rxd6
32. cxd6 Nxd4 (32... Rd8 33. c5) 33. Rxa5 b6 34. Rd5 Ne6 35. d7 Rd8 36. Rd6 Nc5
37. Bc6 Kf7 38. Ke3 g5 39. Rxh6 Nxd7 40. Bxd7 Rxd7 1-0

[Event "Copenhagen KS"]
[Site "Copenhagen"]
[Date "1996.??.??"]
[Round "5"]
[White "Nielsen, Peter Heine"]
[Black "Borge, Nikolaj"]
[Result "1-0"]
[WhiteElo "2530"]
[BlackElo "2455"]
[Annotator "Horn,Pe"]
[PlyCount "121"]
[EventDate "1996.07.05"]
[EventType "tourn"]
[EventRounds "9"]
[EventCountry "DEN"]
[EventCategory "10"]
[SourceTitle "CBM 055"]
[Source "ChessBase"]
[SourceDate "1996.12.01"]
[SourceVersion "1"]
[SourceVersionDate "1996.12.01"]
[SourceQuality "1"]

1. Nf3 {Hecht} d5 2. g3 Bg4 3. Bg2 Nd7 4. c4 dxc4 (4... e6) 5. Na3 (5. Qa4 c6
6. Qxc4 Bxf3 7. Bxf3 Ne5 $10 {Panchenko-Sherbakov/Bled op/1992}) 5... e5 (5...
c6 6. Nxc4 Nb6 7. Qc2 Nxc4 8. Qxc4 $14 {Barcza-Zaitsev,A/Tallinn/1971}) 6. Nxc4
f6 7. d4 $14 {Sprengt das schwarze Zentrum} Be6 8. Qc2 Bb4+ (8... Nb6 9. Nxb6
axb6 10. dxe5 $16) 9. Bd2 Bxd2+ 10. Ncxd2 (10. Nfxd2 $5 $14) 10... c6 11. Rd1 (
11. O-O $14) 11... Nh6 (11... Ne7 12. dxe5 fxe5 13. Ng5 $16) 12. dxe5 fxe5 13.
h4 $5 {[%cal Yf3g5]} (13. O-O $14) 13... Nf7 14. Ng5 Nxg5 (14... Qe7 15. Nde4
$16) 15. hxg5 Qxg5 (15... Qe7 16. Rxh7 Rxh7 17. Qg6+ (17. Qxh7 O-O-O) 17... Bf7
18. Qxh7 $16) 16. Ne4 Qe7 17. Nd6+ Kf8 18. O-O (18. Rxh7 Rxh7 19. Qxh7 Nf6 $14
20. Qh8+ Bg8 21. Nf5 $14) (18. Nxb7 Qb4+ 19. Qc3 Qxb7 $1 (19... Qxc3+ 20. bxc3
Nf6 21. Na5 $16) 20. Bxc6 Qc8 21. Qf3+ Ke7 22. Bxa8 Qxa8 23. Qxa8 Rxa8 24. Rxh7
Kf7 25. b3 $10) 18... Nf6 19. e4 Rd8 $6 (19... Kg8 $5 $13 20. f4 Nh5 21. f5 Bf7
22. Kh2 Nf6) 20. Qc5 {[%cal Rd6b7]} Rxd6 $6 {Schwarz sucht Rettung in einem
Endspiel, in dem er mit einem P für die Qualität nicht ohne Chancen zu sein
scheint. Erzwungen scheint mir diese Entscheidung nicht zu sein.} (20... Bc4 $5
21. Nxb7 Qxc5 22. Rxd8+ Ke7 23. Nxc5 Rxd8 24. Rc1 Bf7 $132) (20... Bc8 $6 21.
Qa3 Be6 22. f4 $16) (20... Rd7 21. f4 (21. Qxe5 Bg4 22. Qxe7+ Kxe7 23. Nf5+
Bxf5 24. exf5 Rhd8 $10) 21... exf4 22. Rxf4 (22. e5 Nh5 $132) 22... Kg8 $13)
21. Qxd6 Qxd6 22. Rxd6 Ke7 23. Rd2 h5 (23... a5 $5 $16) 24. Rc1 h4 (24... Bxa2
{Im Prinzip ist Schwarz daran interessiert, die Anzahl der P zu verringern,
aber hier kostet das leider seinen Mehrbauern.} 25. b3 $1 Bxb3 26. Rb2 Be6 27.
Rxb7+ Bd7 28. Rxc6) 25. b4 hxg3 (25... h3 26. Bf3 h2+ 27. Kh1 g5 28. Bg2) 26.
fxg3 a6 27. Rc3 Bf7 28. a4 Bg6 29. Rc5 Ke6 30. Rc4 {[%csl Rb7][%cal Yd2b2,
Yb4b5]} Be8 (30... Ra8 $5 31. Kf2 $16 {[%cal Yg2f3,Yf2e3]}) 31. Rd8 {[%csl Rh8]
} b5 32. axb5 (32. Rc3 $142 bxa4 33. Ra8 Ke7 34. Rxa6 Bd7 35. Rxa4 c5 36. b5)
32... axb5 33. Rxc6+ (33. Rc2 $142 $5) 33... Bxc6 34. Rxh8 Bxe4 35. Bf1 (35.
Rb8 Bd3 36. Rb6+ Kd7 (36... Kf5 37. Bc6 e4 38. Bxb5 $18) 37. Rb7+ Kd6 38. Rxg7
e4 $16) 35... Bc6 36. Rb8 Nd5 37. Bxb5 Nxb4 {Schwarz hat viel erreicht: Das
Bauernmaterial ist reduziert und der Mehrbauer blieb erhalten. Leider sind
dafür jetzt die Leichtfiguren ungünstig plaziert.} 38. Bc4+ Nd5 39. Rg8 Kf6 40.
Rc8 Ne7 (40... Nb4) (40... Bb7) 41. Rf8+ Kg6 42. Be6 Bd5 {Inzwischen würde
Schwarz liebend gerne ein Paar Leichtfiguren tauschen, aber ...} 43. Bd7 {
... Weiß mag nicht (mehr).} Bf7 (43... Nc6) 44. g4 Bd5 45. Kf2 Kg5 46. Kg3 g6
47. Re8 Kf6 48. g5+ Kf7 49. Rh8 Nf5+ 50. Kf2 Be6 (50... Nd6) 51. Bc6 Ke7 (51...
Nd4 {/\ Bf5}) (51... Kg7 $5 {Hecht}) 52. Rh7+ Kd6 $2 (52... Bf7 53. Bd5 Nd6 54.
Ke3 Kf8) 53. Be4 Ne7 (53... Kc5 $5) 54. Rg7 $18 Bf5 $8 55. Bxf5 {Zuvor konnte
und wollte Weiß nicht so tauschen, da der K sich vor dem g-P befand, aber
jetzt ist die Entfernung groß und ...} gxf5 {[#] Hecht: Nach Tausch auf f5
Entstehen eines gewinnbringenden g-Freibauern} 56. Rf7 $1 {... wird noch
größer.} e4 (56... Ke6 {Hecht} 57. Rf6+ Kd7 58. g6 Ng8 59. Rf8 $18) 57. Rf6+ (
57. g6 $2 {Hecht} Ke6 $10) 57... Ke5 58. Ra6 {sperrt den K horizontal ab} Nd5
59. g6 e3+ 60. Kf3 e2 61. Kf2 (61. Kxe2 {Hecht} Nf4+ 62. Kf3 Ne6 63. Kg3 Kf6
64. Kh4 $18) 1-0

[Event "Hoogovens-B"]
[Site "Wijk aan Zee"]
[Date "1991.01.??"]
[Round "1"]
[White "Bosboom, Manuel"]
[Black "Tukmakov, Vladimir B"]
[Result "1/2-1/2"]
[WhiteElo "2480"]
[BlackElo "2520"]
[Annotator "Horn,Pe"]
[PlyCount "87"]
[EventDate "1991.01.??"]
[EventType "tourn"]
[EventRounds "11"]
[EventCountry "NED"]
[EventCategory "9"]
[SourceTitle "CBM 022"]
[Source "ChessBase"]
[SourceDate "1991.06.01"]
[SourceVersion "1"]
[SourceVersionDate "1991.06.01"]
[SourceQuality "1"]

1. Nf3 d5 2. g3 g6 3. Bg2 Bg7 4. O-O e5 5. d3 Ne7 6. e4 O-O 7. Nbd2 Nbc6 8. c3
a5 9. a4 h6 10. exd5 Nxd5 11. Nc4 Re8 12. Re1 (12. Qb3 $1 $14 {Polugaevsky})
12... b6 $5 {N} (12... Bf5 13. h3 $13) 13. Bd2 (13. Qb3 $6 Be6 $1 14. Nfxe5 $2
Nxe5 15. Nxe5 Nf4 16. Qd1 Nxg2 17. Kxg2 Bxe5 18. Rxe5 Bd5+ 19. Rxd5 Qxd5+ $19)
(13. d4 $5 e4 (13... exd4 $2 14. Rxe8+ Qxe8 15. Nxd4 $16) 14. Nfe5 Nxe5 15.
Nxe5 $13) (13. Ne3 $5) 13... Bb7 14. Qc1 Kh7 15. Qc2 $10 Qd7 16. Re4 f6 17.
Rae1 Rad8 18. Qc1 Qf7 19. Rh4 Qf8 (19... g5 $2 20. Bxg5 $18) 20. d4 (20. g4 $6
Nf4 21. Bxf4 exf4 $13) 20... exd4 21. Rxe8 Rxe8 22. Nxd4 Nd8 $14 (22... Nxd4
23. Rxd4 $16) 23. Nb5 Ne6 24. Ne3 Rd8 25. Ng4 (25. c4 Nxe3 26. Bxb7 Nf5 27. Re4
$2 Nc5) (25. Nxd5 Bxd5 26. Bxd5 Rxd5 27. Re4 Qd8 $15) 25... g5 26. Qc2+ f5 (
26... Kg8 27. Qg6 gxh4 28. Nxh6+ Kh8 29. Nf7+ Kg8 30. Nh6+ $10) 27. Rh3 Kg8 {
[#]} 28. Nxh6+ Bxh6 29. c4 Nb4 30. Bxb4 Qxb4 31. Qe2 (31. Rxh6 $2 Qe1+ 32. Bf1
Rd1 33. Qxd1 Qxd1 34. Rxe6 Qf3 $19) (31. Qxf5 $2 Rd1+ 32. Bf1 Qe1 33. Qg6+ Ng7
$19) 31... Ng7 32. Bxb7 Re8 33. Qc2 (33. Qxe8+ $5 Nxe8 34. Rxh6 $10) 33... Qe1+
34. Kg2 Re2 35. Qxe2 Qxe2 36. Rxh6 Qxc4 37. Nc3 Qd4 38. h4 f4 39. Bd5+ Kf8 40.
hxg5 fxg3 41. Rf6+ Ke7 42. Rf7+ Kd8 43. Rf8+ Ke7 44. Rf7+ {(2.25/2.18)} 1/2-1/2

[Event "NED-ch46"]
[Site "Eindhoven"]
[Date "1991.06.11"]
[Round "2"]
[White "Bosboom, Manuel"]
[Black "Hoeksema, Hendrik Pieter"]
[Result "1/2-1/2"]
[WhiteElo "2460"]
[BlackElo "2380"]
[Annotator "Horn,Pe"]
[PlyCount "45"]
[EventDate "1991.06.10"]
[EventType "tourn"]
[EventRounds "11"]
[EventCountry "NED"]
[EventCategory "9"]
[SourceTitle "CBM 026"]
[Source "ChessBase"]
[SourceDate "1992.02.01"]
[SourceVersion "1"]
[SourceVersionDate "1992.02.01"]
[SourceQuality "1"]

1. Nf3 Nf6 2. g3 d5 3. Bg2 c6 4. O-O Bg4 5. d3 Nbd7 6. Nbd2 e5 7. e4 dxe4 8.
dxe4 Bc5 9. Qe1 O-O 10. b3 $10 {N} (10. h3 Bh5 11. Nb3 (11. Nc4 {
Kindermann-Gelfand, München 1991 ->CBM23}) 11... Bb6 12. a4 {Smejkal-Boensch,
Altensteig 1991 ->CBM25}) 10... Re8 11. Bb2 b5 12. a4 a6 13. Ra2 {Das Manöver
erobert die a-Linie.} Qc7 14. Qa1 Rad8 15. axb5 axb5 16. Re1 Bh5 {/\ Ng4} 17.
h3 Bb6 18. Nf1 (18. Bc3 $5 {/\ Ba5}) 18... Bg6 19. Nh4 Nc5 20. Nxg6 hxg6 21.
Re2 (21. b4 $2 Na4) 21... Nfd7 {/\ Ne6} 22. Rd2 Ne6 23. b4 1/2-1/2

[Event "Hoogovens-B"]
[Site "Wijk aan Zee"]
[Date "1991.01.??"]
[Round "2"]
[White "Barbero, Gerardo F"]
[Black "Kuijf, Marinus"]
[Result "1-0"]
[WhiteElo "2495"]
[BlackElo "2440"]
[Annotator "Horn,Pe"]
[PlyCount "123"]
[EventDate "1991.01.??"]
[EventType "tourn"]
[EventRounds "11"]
[EventCountry "NED"]
[EventCategory "9"]
[SourceTitle "CBM 022"]
[Source "ChessBase"]
[SourceDate "1991.06.01"]
[SourceVersion "1"]
[SourceVersionDate "1991.06.01"]
[SourceQuality "1"]

1. Nf3 d5 2. g3 Bg4 3. Bg2 c6 4. d3 Nd7 5. h3 Bh5 6. Nbd2 e6 7. b3 $5 {Barbero
scheint sich auf Kuijfs Spezialvariante vorbereitet zu haben.} (7. O-O Bd6 8.
b3 Ne7 9. Bb2 O-O) 7... Bd6 8. Bb2 e5 {Durch das Aufschieben der 0-0
verhindert Weiß Ne7 nebst 0-0.} 9. O-O Ne7 10. e4 O-O 11. Qe1 Qc7 (11... Bxf3
$5 12. Bxf3 f5 13. exf5 Nxf5 14. Bg2 Bc5 15. Kh2 Qc7 $15 {Vadasz-Tompa,
Budapest 1972}) 12. Nh4 $1 Rae8 (12... a5 $5 $14) 13. a3 f6 14. Kh1 Bf7 $2 15.
Qe3 Bc5 (15... d4 $6 16. Qe2 {/\ f4+/=}) 16. Qe2 Bd4 17. c3 Bb6 18. Rad1 Nc5
19. b4 Ne6 20. Rfe1 Ng5 21. Rf1 Ne6 22. Bf3 $5 Qd8 23. Bg4 Ng6 24. Nf5 Kh8 25.
h4 Ne7 26. Nf3 Nxf5 27. exf5 Nc7 28. h5 $16 e4 29. Nh4 exd3 30. Qxd3 Re4 31.
Bf3 Rc4 $2 32. h6 Nb5 $2 (32... Ne8 $16) 33. hxg7+ Kxg7 34. a4 Nd6 35. a5 Bc7
36. Ng2 {/\ Ne3+-} Re8 37. Ne3 Rxe3 38. Qxe3 Nxf5 39. Qd2 Qd6 40. Rg1 $1 (40.
Kg2 $4 Nxg3 41. fxg3 Qxg3+ 42. Kh1 Rh4+ $19) 40... Bg6 41. Rg2 Qe6 42. Re1 Qf7
43. Rh2 Nd6 44. Qh6+ Kg8 45. Bh5 Re4 46. Rxe4 Nxe4 47. Bxg6 Qxg6 48. Qe3 b6 49.
Kg2 Qg5 50. Qxg5+ Nxg5 51. axb6 Bxb6 52. Rh4 Kg7 53. c4 Ne6 54. cxd5 cxd5 55.
Rh5 d4 56. Rd5 Kg6 57. Kf3 h5 58. Ke4 Ng5+ 59. Kd3 Ne6 60. Rd6 Kf5 61. Kc4 Ke5
62. Rd5+ 1-0

[Event "Bundesliga 0001"]
[Site "Germany"]
[Date "2001.03.11"]
[Round "11.1"]
[White "Aronian, Levon"]
[Black "Hracek, Zbynek"]
[Result "1/2-1/2"]
[WhiteElo "2551"]
[BlackElo "2612"]
[Annotator "Horn,Pe"]
[PlyCount "110"]
[EventDate "2000.10.14"]
[EventType "team-tourn"]
[EventRounds "15"]
[EventCountry "GER"]
[SourceTitle "CBM 082"]
[Source "ChessBase"]
[SourceDate "2001.05.17"]
[SourceVersion "1"]
[SourceVersionDate "2001.05.17"]
[SourceQuality "1"]
[WhiteTeam "Wattenscheid"]
[BlackTeam "Werder Bremen"]
[WhiteTeamCountry "GER"]
[BlackTeamCountry "GER"]

1. Nf3 d5 2. g3 c6 3. Bg2 Nf6 4. O-O Bg4 5. d3 Nbd7 6. Qe1 e5 7. e4 dxe4 8.
dxe4 Bc5 9. Nbd2 O-O 10. h3 Bh5 11. Nc4 Re8 12. a4 Qc7 13. Nh4 Rad8 14. Bg5 (
14. Bd2) 14... h6 $5 $146 ({Gute Erfahrungen machte Aronian mit} 14... Bg6 $2
15. Nxg6 hxg6 16. c3 a5 17. h4 b6 18. Bh3 Be7 19. b4 $16 {Aronian,L-Asrian,K/
Yerevan 1999}) 15. Bd2 Nh7 {[%cal Yh7g5,Yg5e6] Dieses Manöver habe ich in
diesem Stellungstyp noch nicht gesehen. Es sieht aber vernünftig aus. Den N
hat man nicht gern auf f6, da die Stützung des Zentrums mit Pf7-f6 nicht
möglich ist. Üblicherweise entfernt sich der Nf6 in Richtung Zentrum (d7).
Recht gut wäre der N auf e6 postiert.} 16. Kh1 {[%cal Yf2f4] Bereitet Pf2-f4
vor.} Nb6 {Dagegen ist diese Befragung des dominierenden Nc4 ein übliches
Mittel.} ({Übereilt wäre} 16... Ng5 17. f4 $1 exf4 18. Bxf4 $36) 17. Ne3 (17.
Ba5 Ng5 {und der Öffnung des Spiels mit} 18. f4 (18. g4 $6 {[%csl Rf4]} Bg6 19.
b4 Be7 20. Bxb6 axb6 21. Nxg6 fxg6 22. Qc3 Nf7 $132 (22... Bf6 $132)) 18...
exf4 19. gxf4 Ne6 20. Nf5 Nd4 $132 {kann Schwarz gelassen entgegensehen.} ({
Aber besser nicht} 20... Nxf4 $2 21. Qg3 Ne6 22. Nxh6+ $14)) 17... Ng5 18. Ba5
({Auch nach} 18. a5 Nc8 19. Nc4 ({Kaum gefährlich wäre} 19. g4 Bg6 {, da die
geschwächten schwarzen Felder dem Schwarzen ein gutes Gegenspiel verheißen.})
19... Nd6 {kann der Nc4 sich nicht behaupten.}) 18... Ne6 19. b4 (19. g4 Bg6
20. Nxg6 fxg6 $15) (19. Nhf5) 19... Bxe3 $1 {Am sichersten.} (19... Be7 20.
Nhf5 (20. c4 Bxh4 21. gxh4 c5 22. Nd5 Qc6 {sieht ok aus für Schwarz.}) 20...
Nd4 21. c4 $36) 20. Qxe3 (20. fxe3 f6 21. Nf5 Rd7 22. Qf2 Red8 23. Nxh6+ gxh6
24. Qxf6 Ng7 25. Qxh6 Rd2) 20... Nc4 {Damit vereinfacht sich das Spiel.} ({
Ansonsten war noch} 20... Nd4 $5 {zu überlegen, z.B.} 21. Bxb6 axb6 22. Rac1)
21. Bxc7 Nxe3 22. fxe3 Nxc7 $11 23. g4 Bg6 24. Nxg6 fxg6 25. Rfd1 Kf7 26. Bf1
Rxd1 27. Rxd1 Ke7 28. Kg2 Rd8 29. Bd3 Ne8 30. Kf3 Nd6 31. Ke2 Rc8 32. c3 b6 33.
a5 b5 34. Bb1 g5 35. Bd3 Ke6 36. Bb1 Ke7 37. Bd3 g6 38. Rc1 Rb8 39. Kf3 Rf8+
40. Ke2 Rb8 41. Kf3 h5 42. Rg1 Kf6 43. Rc1 Ke7 44. Rg1 Rg8 45. Rc1 Rf8+ 46. Kg2
Rd8 47. Kf3 Rf8+ 48. Kg2 Rd8 49. Kf3 Ne8 50. Be2 Nf6 51. c4 bxc4 52. Rxc4 Kd6
53. Bd1 Rf8 54. Ba4 Nd5+ 55. Ke2 Ne7 1/2-1/2

[Event "Kecskemet Szechenyi"]
[Site "Kecskemet"]
[Date "1991.??.??"]
[Round "5"]
[White "Van Wely, Loek"]
[Black "Lukacs, Peter"]
[Result "1/2-1/2"]
[WhiteElo "2475"]
[BlackElo "2500"]
[Annotator "Horn,Pe"]
[PlyCount "58"]
[EventDate "1991.07.??"]
[EventType "tourn"]
[EventRounds "9"]
[EventCountry "HUN"]
[EventCategory "8"]
[SourceTitle "CBM 026"]
[Source "ChessBase"]
[SourceDate "1992.02.01"]
[SourceVersion "1"]
[SourceVersionDate "1992.02.01"]
[SourceQuality "1"]

1. Nf3 d5 2. g3 c6 3. Bg2 Nf6 4. O-O Bg4 5. b3 e6 6. Bb2 Nbd7 7. d3 a5 8. a3
Be7 9. e4 O-O 10. Nbd2 b5 11. Qe1 Qb6 12. h3 Bh5 13. Kh1 (13. e5 Ne8 14. Nd4
Nc7 15. Ne2 a4 16. Nf4 Bg6 17. Nxg6 fxg6 18. Kh2 b4 $132 {Vodep-Farago, Graz
op 1987}) 13... a4 14. b4 {N} (14. e5 Ne8 15. b4 Nc7 16. Bd4 Qb7 17. Qe3 Rae8
18. Ng1 f6 19. f4 fxe5 20. fxe5 h6 21. Ndf3 Na6 $132 {Petran-Vasiukov, Stary
Smokovec 1988}) 14... c5 15. exd5 Nxd5 16. c4 N5f6 (16... bxc4 $2 17. dxc4 $16)
17. bxc5 (17. Ne5 $5 Nxe5 (17... cxb4 18. Nxd7 Nxd7 19. Bxa8 Rxa8 20. axb4 Bxb4
21. Qe4 $13) 18. Qxe5 $13) (17. d4 $2 cxb4 18. c5 Qa5 $17) 17... Nxc5 18. Ne5
Rac8 19. d4 (19. Qe3 bxc4 20. Ndxc4 Qb5) 19... Nd3 $1 20. Qb1 (20. Nxd3 bxc4
$17) 20... Nxe5 $1 $15 (20... Nxb2 21. Qxb2 $16) 21. dxe5 Nd7 22. cxb5 Be2 (
22... Qxb5) 23. Re1 Qxb5 24. Bd4 Nc5 25. Qxb5 Bxb5 26. Kg1 Rfd8 27. Be3 Bd3 28.
Bf1 h6 29. Rec1 Bxf1 1/2-1/2

[Event "YUG-ch 56th"]
[Site "Herceg Novi"]
[Date "2001.03.26"]
[Round "4"]
[White "Damljanovic, Branko"]
[Black "Gligoric, Svetozar"]
[Result "1-0"]
[WhiteElo "2561"]
[BlackElo "2481"]
[Annotator "Horn,Pe"]
[PlyCount "57"]
[EventDate "2001.03.23"]
[EventType "tourn"]
[EventRounds "15"]
[EventCountry "YUG"]
[EventCategory "10"]
[SourceTitle "CBM 083"]
[Source "ChessBase"]
[SourceDate "2001.07.05"]
[SourceVersion "1"]
[SourceVersionDate "2001.07.05"]
[SourceQuality "1"]

1. Nf3 Nf6 2. g3 d5 3. Bg2 c6 4. b3 Bg4 5. Bb2 Nbd7 6. O-O Bxf3 7. exf3 e6 8.
f4 Be7 9. d3 O-O 10. Nd2 a5 11. a3 $146 (11. Nf3 a4 12. Qe2 Re8 13. Ne5 Qb6 14.
Kh1 Bc5 15. g4 Nxe5 16. fxe5 Nd7 17. f4 axb3 18. axb3 Rxa1 19. Bxa1 Be3 $132 {
Tolonen,L-Valkesalmi,K/Helsinki 2000}) 11... b5 (11... a4 12. b4) 12. Nf3 b4
13. a4 Qb6 14. Qd2 Rfd8 15. Rae1 Bf8 16. Bh3 c5 17. f5 exf5 18. Bxf5 c4 19. Qg5
c3 20. Bc1 Bc5 (20... Nc5) 21. Qh4 Re8 22. d4 Bd6 23. Bg5 h6 $2 {Übersieht
eine kleine Kombination.} ({Nach} 23... Qc7 {war die Lage noch offen.}) 24.
Bxh6 $1 $18 gxh6 25. Bxd7 Nxd7 26. Qg4+ Kf8 27. Qxd7 Re4 28. Qf5 Qc6 29. Qf6
1-0

[Event "Nordic zt"]
[Site "Ostersund"]
[Date "1992.??.??"]
[Round "8"]
[White "Gausel, Einar"]
[Black "Petursson, Margeir"]
[Result "0-1"]
[WhiteElo "2485"]
[BlackElo "2565"]
[Annotator "Horn,Pe"]
[PlyCount "84"]
[EventDate "1992.??.??"]
[EventType "swiss"]
[EventRounds "9"]
[EventCountry "NOR"]
[SourceTitle "CBM 031"]
[Source "ChessBase"]
[SourceDate "1992.12.01"]
[SourceVersion "1"]
[SourceVersionDate "1992.12.01"]
[SourceQuality "1"]

1. Nf3 d5 2. g3 c6 3. Bg2 Bg4 4. O-O Nd7 5. d3 Ngf6 6. Nbd2 e5 7. h3 Bh5 8. e4
Bd6 9. Qe1 (9. exd5 $5 cxd5 10. c4 $14 {-> Hodgson-De La Villa Garcia, Dos
Hermanas 92, CBM31}) 9... O-O 10. Nh4 Re8 11. Bf3 $6 (11. f4 exf4 12. gxf4 dxe4
13. dxe4 Nd5 14. Nc4 Bc5+ 15. Kh1 N7b6 16. Ne5 Nb4 17. Nf5 Bg6 18. Qc3 Bf8 19.
Ng3 Qc7 20. Be3 $13 {Georgiev-Torre, Saint John op 1988}) (11. Nf5 Bf8 12. Nf3
Nc5 13. N3h4 a5 14. Rb1 Ne6 $132 {Botterill-Hodgson, Bath zt 1987}) 11... Bxf3
12. Nhxf3 Nc5 13. Qe2 b5 14. Nh2 Ne6 15. c3 b4 16. Ng4 Nxg4 17. hxg4 bxc3 18.
bxc3 Qa5 19. Bb2 Rab8 20. Nb3 Qb6 21. exd5 (21. c4 $1 $10) 21... cxd5 22. c4
dxc4 23. dxc4 Nc5 24. Ba3 (24. Nxc5 Qxb2 (24... Bxc5 25. Bc3 $10) 25. Qxb2 Rxb2
26. Ne4 $10) 24... Nxb3 25. axb3 (25. Rab1 Nd4 $19) 25... Bc5 26. Rfb1 $6 (26.
Qe4 Bd4 27. Rab1 $15) 26... e4 $1 {/\ e3} 27. Bxc5 Qxc5 28. Qe3 $2 Qxe3 29.
fxe3 Re7 30. b4 $2 (30. g5) 30... Rc7 31. c5 $2 (31. g5 $1 Rxc4 32. Rxa7 Kf8
33. Rd1) 31... h6 $1 {/\ Kh7-g6-g5xg4} 32. Ra5 Kh7 33. Kf2 Kg6 34. Ra6+ Kg5 35.
c6 Rd8 36. Rb2 Kxg4 37. b5 g5 38. Ra4 (38. Rxa7 $1 Rxa7 39. b6 Re7 40. c7 Rc8
41. Rc2 Rexc7 42. bxc7) 38... f5 39. Rd4 (39. Rxa7 $1 Rxa7 40. b6 Rf7 41. c7
Rc8 42. Rc2) 39... Rb8 40. Rd6 (40. Rd7 Rxc6 41. Rxa7 Rcb6 42. Ra5 h5) 40...
Rb6 41. Rd5 $2 (41. Rxh6 a6 42. Rd6 axb5) (41. Rd7 Rcxc6 42. Rxa7 Rc5) 41...
Rcxc6 42. Kg2 a6 0-1

[Event "Moscow4"]
[Site "Moscow"]
[Date "1992.??.??"]
[Round "?"]
[White "Shchekachev, Andrei"]
[Black "Gutop, Yuri V"]
[Result "1-0"]
[WhiteElo "2465"]
[BlackElo "2430"]
[Annotator "Horn,Pe"]
[PlyCount "77"]
[EventDate "1992.??.??"]
[EventType "tourn"]
[EventRounds "11"]
[EventCountry "RUS"]
[EventCategory "7"]
[SourceTitle "CBM 030"]
[Source "ChessBase"]
[SourceDate "1992.10.01"]
[SourceVersion "1"]
[SourceVersionDate "1992.10.01"]
[SourceQuality "1"]

1. g3 d5 2. Bg2 Nf6 3. d3 g6 4. Nf3 Bg7 5. O-O O-O 6. Nbd2 Nbd7 7. e4 Nc5 $6 (
7... dxe4 8. dxe4 e5 $14) 8. e5 Nfd7 9. d4 Ne6 (9... Ne4 $2 10. Nxe4 dxe4 11.
Ng5 $16) 10. Re1 b6 11. Nf1 Bb7 12. h4 Re8 13. h5 h6 $6 (13... c5 $14) 14. Nh4
Ndf8 15. Qg4 g5 16. Nf5 Bc8 17. N1e3 c6 18. c3 Nh7 19. Qd1 Nef8 20. f4 f6 21.
c4 e6 22. Nxg7 Kxg7 23. exf6+ Nxf6 24. fxg5 hxg5 25. Ng4 Nxg4 26. Qxg4 Nh7 27.
h6+ $6 (27. Re5 $16) (27. Bf4 $2 e5 $19) 27... Kh8 (27... Kxh6 28. Re5 $40) 28.
Re5 Rg8 29. Bd2 a5 30. Rf1 Ra7 31. Qe2 Rg6 32. cxd5 cxd5 33. Qh5 Qg8 34. Ree1
$6 Nf6 35. Qd1 (35. Rxf6 $2 Rxf6 36. Bxg5 $2 Rf5 $19) (35. Qh2 $2 Rh7) 35...
Rxh6 36. Re5 Nh7 37. Qc1 Rg6 38. Rf3 Rf7 $4 (38... Bd7 $13) 39. Rxf7 1-0

[Event "Biel Mixed"]
[Site "Biel"]
[Date "1991.??.??"]
[Round "2"]
[White "Hort, Vlastimil"]
[Black "Campora, Daniel Hugo"]
[Result "1/2-1/2"]
[WhiteElo "2545"]
[BlackElo "2510"]
[Annotator "Horn,Pe"]
[PlyCount "41"]
[EventDate "1991.07.??"]
[EventType "tourn"]
[EventRounds "11"]
[EventCountry "SUI"]
[EventCategory "9"]
[SourceTitle "CBM 025"]
[Source "ChessBase"]
[SourceDate "1991.12.01"]
[SourceVersion "1"]
[SourceVersionDate "1991.12.01"]
[SourceQuality "1"]

1. Nf3 d5 2. g3 Bg4 3. Bg2 Nd7 4. d3 Ngf6 5. Nbd2 c6 6. e4 $5 {N} (6. O-O) 6...
dxe4 7. dxe4 Ne5 {zieht Nutzen aus 6.e4} (7... e5) 8. Qe2 Qa5 (8... Nxf3+ 9.
Nxf3 $14) 9. O-O Rd8 {/\ Rxd2} 10. Qe3 Nxf3+ 11. Nxf3 e5 12. h3 (12. Bd2 Qb6
13. Qxb6 axb6 14. Be3 (14. Bc3 Nxe4 15. Bxe5 $2 Bxf3 16. Bxf3 Nd2 $19) 14...
Bxf3 15. Bxf3 Bc5 $10) 12... Bxf3 $8 13. Bxf3 Bc5 14. Qb3 Qb6 15. Bg5 h6 16.
Qxb6 Bxb6 17. Bxf6 gxf6 18. Rad1 Ke7 19. Be2 Rxd1 20. Rxd1 Rd8 21. Kf1 {
nach dem Abtausch der R ist die bessere P-Struktur nicht zu verwerten.} 1/2-1/2